[Event "Titled Tuesday intern op 13th Feb Late"]
[Site "Chess.com INT"]
[Date "2024.02.13"]
[Round "3"]
[White "Andersson, Bjorn2"]
[Black "Dias, Joao Batista de Sou"]
[Result "0-1"]
[WhiteElo "2140"]
[BlackElo "1746"]
[PlyCount "167"]
[EventDate "2024.02.13"]
[EventType "swiss (blitz)"]
[EventRounds "11"]
[EventCountry "USA"]
[SourceTitle "CB08_2024"]
[SourceDate "2024.02.21"]
[SourceVersion "1"]
[SourceVersionDate "2024.02.21"]
[SourceQuality "1"]

1. e4 g6 2. h4 Bg7 3. h5 b6 4. c3 Bb7 5. Bd3 Nc6 6. Bc2 e6 7. d4 d5 8. e5 Qe7 9. Nf3 0-0-0 10. h6 Bf8 11. Bg5 f6 12. exf6 Nxf6 13. Nbd2 e5 14. Qe2 e4 15. Nh4 Qf7 16. 0-0-0 Be7 17. f3 exf3 18. Ndxf3 Rhe8 19. Qb5 a6 20. Qa4 Kb8 21. Rhe1 Ne4 22. Bxe7 Rxe7 23. Bd3 b5 24. Qc2 Rde8 25. Ne5 Qf4+ 26. Kb1 Qxh4 27. Bxe4 dxe4 28. Rxe4 Qxh6 29. Rde1 Nxe5 30. Rxe5 Rxe5 31. dxe5 Qf4 32. Qe2 Re6 33. Ka1 h5 34. a3 h4 35. Qd3 Rxe5 36. Rf1 Qc4 37. Qd8+ Ka7 38. Rd1 Bd5 39. Kb1 Qa2+ 40. Kc1 Qa1+ 41. Kc2 Be4+ 42. Kb3 Bd5+ 43. Rxd5 Rxd5 44. Qxd5 Qg1 45. Qc6 Qb6 46. Qe4 Qf6 47. Ka2 g5 48. Qe3+ Kb7 49. Qe4+ c6 50. Qh7+ Kb6 51. Qe4 a5 52. a4 Qf7+ 53. Ka1 Qd5 54. Qe3+ Qc5 55. Qe8 bxa4 56. Qb8+ Ka6 57. Qa8+ Kb5 58. Qb7+ Kc4 59. Qf7+ Qd5 60. Qf1+ Kb3 61. Qb1 Qd2 62. Qa2+ Kc2 63. Qxa4+ Kc1 64. Qb3 Qc2 65. Qb6 a4 66. Qg1+ Qd1 67. Qe3+ Kc2+ 68. Ka2 Qb1+ 69. Ka3 Qxb2+ 70. Kxa4 Qb3+ 71. Ka5 Qxc3+ 72. Qxc3+ Kxc3 73. Kb6 Kd3 74. Kxc6 Ke2 75. Kd5 Kf2 76. Ke4 Kxg2 77. Kf5 h3 78. Kxg5 h2 79. Kf4 h1Q 80. Kg5 Qf1 81. Kg4 Qf3+ 82. Kh4 Qg3+ 83. Kh5 Kf3 84. Kh6 0-1

[Event "Titled Tuesday intern op 13th Feb Late"]
[Site "Chess.com INT"]
[Date "2024.02.13"]
[Round "2"]
[White "Dias, Joao Batista de Sou"]
[Black "Esmeraldas Huachi, Anderson Yahir"]
[Result "0-1"]
[WhiteElo "1746"]
[BlackElo "2148"]
[PlyCount "114"]
[EventDate "2024.02.13"]
[EventType "swiss (blitz)"]
[EventRounds "11"]
[EventCountry "USA"]
[SourceTitle "CB08_2024"]
[SourceDate "2024.02.21"]
[SourceVersion "1"]
[SourceVersionDate "2024.02.21"]
[SourceQuality "1"]

1. e4 c5 2. Nf3 d6 3. d4 cxd4 4. Nxd4 Nf6 5. Bd3 e5 6. Ne2 Be7 7. 0-0 0-0 8. Ng3 Nc6 9. c3 a6 10. Bg5 h6 11. Bxf6 Bxf6 12. Na3 b5 13. Nc2 Be6 14. Qe2 Qb6 15. Ne3 Ne7 16. a3 Rab8 17. Rfd1 Ng6 18. Ngf5 Rfd8 19. g3 a5 20. Rd2 b4 21. axb4 axb4 22. c4 Bg5 23. b3 Ne7 24. Nxe7+ Bxe7 25. Rda2 Qd4 26. Nd5 Bxd5 27. cxd5 Rdc8 28. Bc4 Bd8 29. Kg2 Bb6 30. Rd1 Qc5 31. Rda1 Qc7 32. Bb5 Bd4 33. Rd1 Ra8 34. Rxa8 Rxa8 35. Bc6 Ra3 36. Rd3 Qa7 37. Ba4 Qc5 38. Rd2 Ra1 39. Rc2 Bc3 40. Qb5 Qd4 41. Qe8+ Kh7 42. Re2 Qd1 43. Bb5 Qh1+ 44. Kh3 Qf3 45. Qe7 Qf6 46. Qxf6 gxf6 47. Kg4 Kg6 48. Bd7 Ra3 49. Ba4 Kg7 50. h4 Ra1 51. Kf3 Rd1 52. Ra2 Rb1 53. Re2 Bd4 54. h5 Rc1 55. Bb5 Rc3+ 56. Kg2 Rxb3 57. Bd7 Rb1 0-1

[Event "Titled Tuesday intern op 13th Feb Early"]
[Site "Chess.com INT"]
[Date "2024.02.13"]
[Round "4"]
[White "Dias, Joao Batista de Sou"]
[Black "Real Pereyra, Jeronimo"]
[Result "0-1"]
[WhiteElo "1746"]
[BlackElo "2120"]
[PlyCount "80"]
[EventDate "2024.02.13"]
[EventType "swiss (blitz)"]
[EventRounds "11"]
[EventCountry "USA"]
[SourceTitle "CB08_2024"]
[SourceDate "2024.02.21"]
[SourceVersion "1"]
[SourceVersionDate "2024.02.21"]
[SourceQuality "1"]

1. e4 c5 2. Nf3 d6 3. d4 cxd4 4. Nxd4 Nf6 5. Nc3 Nc6 6. Be3 Ng4 7. Qf3 Nxe3 8. Qxe3 g6 9. Bd3 Bg7 10. Nce2 0-0 11. c3 a5 12. 0-0 a4 13. a3 Ra5 14. Rad1 Qb6 15. Rd2 Ne5 16. h3 Nxd3 17. Qxd3 Bd7 18. Qe3 Rc8 19. Rfd1 Bc6 20. Nxc6 Rxc6 21. Qxb6 Rxb6 22. Nd4 h5 23. Kf1 Bxd4 24. cxd4 Rab5 25. Rb1 Rb3 26. Ke2 Rc6 27. Kd1 f5 28. exf5 gxf5 29. Rc1 Kf7 30. Rxc6 bxc6 31. Kc2 Kf8 32. Re2 Kf7 33. Re3 Rxe3 34. fxe3 e5 35. Kc3 Ke6 36. Kb4 exd4 37. e4 fxe4 38. Kxa4 e3 39. Kb3 e2 40. Kc2 e1Q 0-1

[Event "Titled Tuesday intern op 13th Feb Late"]
[Site "Chess.com INT"]
[Date "2024.02.13"]
[Round "6"]
[White "Kappeler, Kaspar"]
[Black "Dias, Joao Batista de Sou"]
[Result "1/2-1/2"]
[WhiteElo "2127"]
[BlackElo "1746"]
[PlyCount "106"]
[EventDate "2024.02.13"]
[EventType "swiss (blitz)"]
[EventRounds "11"]
[EventCountry "USA"]
[SourceTitle "CB08_2024"]
[SourceDate "2024.02.21"]
[SourceVersion "1"]
[SourceVersionDate "2024.02.21"]
[SourceQuality "1"]

1. c4 c5 2. Nf3 g6 3. g3 Bg7 4. Bg2 Nf6 5. 0-0 0-0 6. Nc3 Nc6 7. d4 cxd4 8. Nxd4 a6 9. a4 Qc7 10. Bg5 d6 11. Qd2 Re8 12. Rac1 Nxd4 13. Qxd4 Bf5 14. Qd2 Qa5 15. Rfd1 Rac8 16. b3 Qb6 17. e4 Be6 18. Qc2 Nd7 19. Be3 Qc7 20. Nd5 Bxd5 21. exd5 a5 22. Re1 b6 23. h4 h5 24. Bg5 Ne5 25. Kh1 Kh7 26. Be4 f5 27. Bg2 Bf6 28. Bf4 Qc5 29. Be3 Qc7 30. Qe2 Ng4 31. Bd2 Qc5 32. Rf1 Ne5 33. Be3 Qc7 34. Bh3 e6 35. dxe6 Rxe6 36. Bxf5 gxf5 37. Qxh5+ Kg8 38. Qxf5 Qf7 39. Bxb6 Nd7 40. Bxa5 Re5 41. Qg4+ Bg7 42. Bc3 Nf6 43. Qd1 Rf5 44. Qxd6 Qb7+ 45. Kh2 Ng4+ 46. Kh3 Nxf2+ 47. Rxf2 Rxf2 48. Qe6+ Kh7 49. Bxg7 Qg2+ 50. Kg4 Qf3+ 51. Kh3 Qg2+ 52. Kg4 Qf3+ 53. Kh3 Qg2+ 1/2-1/2

[Event "Titled Tuesday intern op 13th Feb Late"]
[Site "Chess.com INT"]
[Date "2024.02.13"]
[Round "4"]
[White "Lehtosaari, Mauri"]
[Black "Dias, Joao Batista de Sou"]
[Result "1-0"]
[WhiteElo "2142"]
[BlackElo "1746"]
[PlyCount "99"]
[EventDate "2024.02.13"]
[EventType "swiss (blitz)"]
[EventRounds "11"]
[EventCountry "USA"]
[SourceTitle "CB08_2024"]
[SourceDate "2024.02.21"]
[SourceVersion "1"]
[SourceVersionDate "2024.02.21"]
[SourceQuality "1"]

1. d4 d5 2. Nf3 e6 3. c3 Be7 4. Bf4 Nf6 5. e3 0-0 6. Bd3 Nbd7 7. Nbd2 Re8 8. h3 Nf8 9. Ne5 Ng6 10. Nxg6 hxg6 11. h4 Nh5 12. Bh2 f5 13. Nf3 Bd6 14. Be5 Bxe5 15. Nxe5 Qf6 16. g3 c5 17. Qe2 c4 18. Bc2 b5 19. a3 a5 20. Rg1 Qd8 21. Nxg6 Nf6 22. Ne5 Nd7 23. Nxd7 Bxd7 24. Qf3 Rf8 25. Qf4 Qf6 26. Kd2 Rab8 27. f3 Kf7 28. Raf1 Ke7 29. Qc7 a4 30. Qc5+ Kf7 31. g4 Rfc8 32. Qd6 Qe7 33. Qxe7+ Kxe7 34. gxf5 Rg8 35. fxe6 Bxe6 36. Rg5 Rbf8 37. f4 Rf6 38. Rfg1 Kf8 39. h5 Rh6 40. Bg6 Ke7 41. Re5 Kf6 42. Rgg5 Rd8 43. Ke1 Rd6 44. Kf2 Rh8 45. Kg3 b4 46. cxb4 Rc8 47. Bf5 Bf7 48. Bxc8 c3 49. bxc3 Rc6 50. Rgf5# 1-0

[Event "Titled Tuesday intern op 16th Jan Late"]
[Site "Chess.com INT"]
[Date "2024.01.16"]
[Round "3"]
[White "Dias, Joao Batista de Sou"]
[Black "Pavlidou, Ekaterini"]
[Result "0-1"]
[WhiteElo "1746"]
[BlackElo "2206"]
[PlyCount "106"]
[EventDate "2024.01.16"]
[EventType "swiss (blitz)"]
[EventRounds "11"]
[EventCountry "USA"]
[SourceTitle "CB04_2024"]
[SourceDate "2023.10.16"]
[SourceVersion "1"]
[SourceVersionDate "2023.10.16"]
[SourceQuality "1"]

1. e4 c5 2. Nf3 e6 3. d4 cxd4 4. Nxd4 Nf6 5. Bd3 Nc6 6. Nxc6 bxc6 7. 0-0 d5 8. Qe2 Be7 9. Nc3 d4 10. Nd1 e5 11. f4 Nd7 12. f5 f6 13. b3 Nc5 14. Nf2 a5 15. a4 Ba6 16. Bxa6 Nxa6 17. Nd3 Nb4 18. Nxb4 Bxb4 19. Qc4 Qd6 20. Bb2 Rb8 21. Rad1 Bc5 22. Qd3 Rb4 23. Kh1 0-0 24. Ba3 Rb6 25. Bxc5 Qxc5 26. h4 Rfb8 27. h5 h6 28. Kh2 Qb4 29. Rf3 c5 30. Kh3 Rc6 31. Qe2 c4 32. g3 d3 33. cxd3 cxb3 34. Rb1 Rc2 35. Qe3 b2 36. Rff1 Qd2 37. Qxd2 Rxd2 38. Rf3 Rb4 39. Kg4 Rxa4 40. d4 exd4 41. Rb3 Ra2 42. Rb8+ Kf7 43. Rb7+ Kf8 44. e5 fxe5 45. f6 Rf2 46. fxg7+ Kg8 47. Re1 Rf7 48. Rb8+ Kxg7 49. Rxe5 d3 50. Rd5 Ra4+ 51. Kh3 Rb4 52. Ra8 b1Q 53. Raxa5 Qh1# 0-1

[Event "Titled Tuesday intern op 16th Jan Late"]
[Site "Chess.com INT"]
[Date "2024.01.16"]
[Round "9"]
[White "Esquivias Quintero, Luis Manuel"]
[Black "Dias, Joao Batista de Sou"]
[Result "1-0"]
[WhiteElo "2276"]
[BlackElo "1746"]
[PlyCount "139"]
[EventDate "2024.01.16"]
[EventType "swiss (blitz)"]
[EventRounds "11"]
[EventCountry "USA"]
[SourceTitle "CB04_2024"]
[SourceDate "2023.10.16"]
[SourceVersion "1"]
[SourceVersionDate "2023.10.16"]
[SourceQuality "1"]

1. e4 e5 2. Nf3 Nc6 3. d4 exd4 4. Bc4 d6 5. Nxd4 Nf6 6. Nc3 Be7 7. 0-0 0-0 8. h3 Nxe4 9. Nxc6 Nxc3 10. Nxe7+ Qxe7 11. bxc3 c6 12. Ba3 Rd8 13. Qf3 Be6 14. Rfe1 Qd7 15. Bxe6 fxe6 16. Rad1 d5 17. Qg4 Re8 18. Re5 b6 19. Rde1 c5 20. Rxe6 Rxe6 21. Qxe6+ Qxe6 22. Rxe6 Kf7 23. Re5 Rd8 24. Kf1 Kf6 25. f4 g6 26. g4 d4 27. cxd4 Rxd4 28. Bb2 Rxf4+ 29. Ke2 Rb4 30. Bc3 Rb1 31. Rxc5+ Kf7 32. Rc7+ Ke6 33. Rxa7 h5 34. gxh5 gxh5 35. Rh7 Rb5 36. Kf3 Rf5+ 37. Kg3 Rc5 38. Rh6+ Kf7 39. Bd4 Rxc2 40. Bxb6 Rxa2 41. Kh4 Ra3 42. Rxh5 Ra4+ 43. Kg5 Rb4 44. Be3 Rb3 45. Bf4 Rb5+ 46. Kg4 Rb4 47. Rf5+ Kg6 48. Rg5+ Kh7 49. h4 Ra4 50. h5 Rc4 51. Kf5 Rc5+ 52. Kf6 Rc6+ 53. Ke7 Rc4 54. Be5 Kh6 55. Rf5 Rh4 56. Bf4+ Kh7 57. Kf7 Rh1 58. Rf6 Rxh5 59. Bd6 Rd5 60. Be7 Rd1 61. Rf3 Rh1 62. Rg3 Kh6 63. Kf6 Rf1+ 64. Ke6 Re1+ 65. Kf7 Rf1+ 66. Bf6 Rh1 67. Bg7+ Kh5 68. Bf6 Kh6 69. Rg8 Rg1 70. Rh8# 1-0

[Event "Sao Paulo op"]
[Site "Sao Paulo"]
[Date "2023.06.24"]
[Round "4"]
[White "Trindade, Renan"]
[Black "Dias, Joao Batista de Sou"]
[Result "0-1"]
[WhiteElo "1773"]
[BlackElo "1762"]
[PlyCount "98"]
[EventDate "2023.06.23"]
[EventType "swiss"]
[EventRounds "6"]
[EventCountry "BRA"]
[SourceTitle "CBM 214 Extra"]
[Source "ChessBase"]
[SourceDate "2023.07.31"]
[SourceVersion "1"]
[SourceVersionDate "2023.07.31"]
[SourceQuality "1"]

1. e4 g6 2. Nf3 Bg7 3. d4 c5 4. c3 b6 5. Bc4 e6 6. 0-0 cxd4 7. cxd4 Bb7 8. Nc3 Ne7 9. Bb3 0-0 10. Bf4 d6 11. Re1 Na6 12. Nb5 d5 13. Nd6 Bc6 14. e5 Nf5 15. Rc1 Nxd6 16. exd6 Rc8 17. a3 Nb8 18. h3 Bd7 19. Qd3 Nc6 20. Ba4 Nxd4 21. Bxd7 Nxf3+ 22. gxf3 Qxd7 23. Rxc8 Rxc8 24. Qe2 Rc4 25. Bg3 h5 26. h4 b5 27. Kg2 a6 28. Kg1 Bf6 29. b3 Rc6 30. Kg2 Rc3 31. Rb1 d4 32. a4 d3 33. Qd1 b4 34. Rc1 Qc8 35. Rxc3 Qxc3 36. Bf4 Bxh4 37. Bd2 Qd4 38. Bxb4 Qxf2+ 39. Kh1 Bg3 40. Qg1 Qxf3+ 41. Qg2 Qd1+ 42. Qg1 Qxg1+ 43. Kxg1 Bxd6 44. Bd2 e5 45. Kf2 Bc5+ 46. Kf3 f5 47. b4 Bd4 48. Be3 e4+ 49. Kf2 d2 0-1

[Event "Titled Tuesday intern op 13th Jun Late"]
[Site "Chess.com INT"]
[Date "2023.06.13"]
[Round "9"]
[White "Dias, Joao Batista de Sou"]
[Black "Przybylski, Wojciech"]
[Result "0-1"]
[WhiteElo "1762"]
[BlackElo "2308"]
[PlyCount "36"]
[EventDate "2023.06.13"]
[EventType "swiss (blitz)"]
[EventRounds "11"]
[EventCountry "USA"]
[SourceTitle "EXT 2024"]
[Source "ChessBase"]
[SourceDate "2023.10.10"]
[SourceVersion "1"]
[SourceVersionDate "2023.10.10"]
[SourceQuality "1"]

1. e4 c5 2. b3 Nf6 3. e5 Nd5 4. Bb2 Nc6 5. Nc3 e6 6. Nxd5 exd5 7. Nf3 d6 8. d4 dxe5 9. dxe5 Bf5 10. Bb5 Qa5+ 11. Qd2 Qxb5 12. Qxd5 Rd8 13. Qc4 Qxc4 14. bxc4 Nb4 15. 0-0 Nxc2 16. Rac1 Nd4 17. Nh4 Bd3 18. Rfe1 Ne2+ 0-1

[Event "Titled Tuesday intern op 13th Jun Late"]
[Site "Chess.com INT"]
[Date "2023.06.13"]
[Round "5"]
[White "Estrada Nieto, Julian"]
[Black "Dias, Joao Batista de Sou"]
[Result "1-0"]
[WhiteElo "2217"]
[BlackElo "1762"]
[PlyCount "137"]
[EventDate "2023.06.13"]
[EventType "swiss (blitz)"]
[EventRounds "11"]
[EventCountry "USA"]
[SourceTitle "EXT 2024"]
[Source "ChessBase"]
[SourceDate "2023.10.10"]
[SourceVersion "1"]
[SourceVersionDate "2023.10.10"]
[SourceQuality "1"]

1. e4 g6 2. d4 Bg7 3. Nf3 c5 4. d5 d6 5. Bb5+ Bd7 6. a4 Nf6 7. Nc3 0-0 8. 0-0 a6 9. Be2 Bg4 10. Nd2 Bxe2 11. Qxe2 Nfd7 12. Nc4 Ne5 13. Nxe5 Bxe5 14. Bh6 Bg7 15. Bxg7 Kxg7 16. e5 f6 17. exd6 exd6 18. Rfe1 Nd7 19. Ne4 Re8 20. Qd2 Ne5 21. b3 Qd7 22. Qc3 Rf8 23. h3 Qc7 24. f4 Nd7 25. Ng5 Kg8 26. Ne6 Qb6 27. Nxf8 Rxf8 28. Re7 c4+ 29. Kh1 Nc5 30. bxc4 Rf7 31. Re8+ Kg7 32. a5 Qc7 33. Rae1 h6 34. Qb4 g5 35. fxg5 hxg5 36. Qb6 Qd7 37. Qd8 Kg6 38. Qxd7 Rxd7 39. g4 f5 40. R1e7 f4 41. Kg2 Rxe7 42. Rxe7 Kf6 43. Rc7 Ke5 44. Kf3 Kd4 45. Rg7 Kxc4 46. Rxg5 Kd4 47. Kxf4 Ne4 48. Rg7 Kxd5 49. Rxb7 Nc5 50. Rb6 Ke6 51. h4 Kd7 52. h5 Ne6+ 53. Kf5 Ng7+ 54. Kg6 Ne6 55. h6 Nf4+ 56. Kf5 Nd5 57. h7 Ne7+ 58. Kf6 Nd5+ 59. Kg7 Nf4 60. h8Q Ne6+ 61. Kh6 Nc5 62. Qh7+ Ke6 63. Qa7 Ke5 64. Rxa6 Ne6 65. Rxd6 Kxd6 66. Qb8+ Kd5 67. Qb6 Nd4 68. Qxd4+ Kxd4 69. a6 1-0

[Event "Titled Tuesday intern op 09th May Late"]
[Site "Chess.com INT"]
[Date "2023.05.09"]
[Round "6"]
[White "Leschinsky, Gary"]
[Black "Dias, Joao Batista de Sou"]
[Result "1-0"]
[WhiteElo "1969"]
[BlackElo "1796"]
[PlyCount "209"]
[EventDate "2023.05.09"]
[EventType "swiss (blitz)"]
[EventRounds "11"]
[EventCountry "USA"]
[SourceTitle "CBM 214 Extra"]
[Source "ChessBase"]
[SourceDate "2023.07.31"]
[SourceVersion "1"]
[SourceVersionDate "2023.07.31"]
[SourceQuality "1"]

1. e4 e6 2. d4 d5 3. Nc3 Be7 4. e5 c5 5. Nce2 cxd4 6. Nxd4 Nc6 7. f4 Bc5 8. Ngf3 Nge7 9. c3 0-0 10. Be3 b6 11. Qd2 Bb7 12. Bd3 g6 13. g4 Rc8 14. h4 Bxd4 15. cxd4 f5 16. g5 Rf7 17. h5 Na5 18. Qh2 Kf8 19. hxg6 hxg6 20. Qh8+ Ng8 21. Rh7 Qe7 22. Rxf7+ Qxf7 23. Nd2 Qg7 24. Qxg7+ Kxg7 25. Ke2 Ne7 26. Rh1 Nc4 27. b3 Nxe3 28. Kxe3 Nc6 29. Rc1 Nb4 30. Rxc8 Bxc8 31. Bb1 Kf7 32. a3 Nc6 33. Bd3 Na5 34. b4 Nc6 35. Nb1 Ke7 36. Nc3 a5 37. b5 Nd8 38. Na4 Kd7 39. Nxb6+ Kc7 40. Na4 Bd7 41. Nc5 Bc8 42. a4 Kb6 43. Kd2 Nb7 44. Nb3 Nd8 45. Kc3 Bd7 46. Be2 Be8 47. Bf3 Bf7 48. Nc5 Be8 49. Be2 Kc7 50. Bd3 Kb6 51. Na6 Nb7 52. Bc2 Bd7 53. Bb3 Be8 54. Bc2 Bd7 55. Bb1 Be8 56. Nb8 Kc7 57. Na6+ Kb6 58. Bd3 Bd7 59. Nb8 Be8 60. Nc6 Bxc6 61. bxc6 Kxc6 62. Bb5+ Kc7 63. Be8 Nd8 64. Bxg6 Kd7 65. Bh5 Ke7 66. Kd3 Nc6 67. Bd1 Nb4+ 68. Ke3 Nc6 69. Bc2 Kf7 70. Bd3 Nb4 71. Bb5 Nc2+ 72. Kd3 Ne1+ 73. Ke2 Nc2 74. Kd3 Ne1+ 75. Kc3 Ng2 76. Be2 Nxf4 77. Bf3 Ng6 78. Bh5 Kg7 79. Kd2 Ne7 80. Ke3 Nc6 81. Be8 Nb4 82. g6 Nc2+ 83. Kd3 Ne1+ 84. Ke2 Nc2 85. Kd3 Ne1+ 86. Kc3 Nf3 87. Bf7 Ng5 88. Be8 Nf3 89. Kd3 Ng5 90. Ke3 Ne4 91. Kf4 Nd2 92. Bf7 Nb3 93. Bxe6 Nxd4 94. Bxf5 Nc6 95. Bd3 Ne7 96. e6 Kf6 97. g7 Kxe6 98. Bh7 Kd6 99. g8Q Nxg8 100. Bxg8 Kc5 101. Bf7 Kb4 102. Be8 Kc4 103. Ke3 d4+ 104. Kd2 Kb4 105. Bb5 1-0

[Event "Titled Tuesday intern op 02nd May Late"]
[Site "Chess.com INT"]
[Date "2023.05.02"]
[Round "3"]
[White "Dias, Joao Batista de Sou"]
[Black "Bogaudinov, Rushan"]
[Result "0-1"]
[WhiteElo "1796"]
[BlackElo "1939"]
[PlyCount "52"]
[EventDate "2023.05.02"]
[EventType "swiss (blitz)"]
[EventRounds "11"]
[EventCountry "USA"]
[SourceTitle "EXT 2024"]
[Source "ChessBase"]
[SourceDate "2023.10.10"]
[SourceVersion "1"]
[SourceVersionDate "2023.10.10"]
[SourceQuality "1"]

1. e4 c5 2. Nf3 e6 3. d4 cxd4 4. Qxd4 Nc6 5. Qe3 Nf6 6. h3 d5 7. exd5 Nxd5 8. Qg5 Qxg5 9. Bxg5 Bc5 10. Nbd2 0-0 11. Bd3 Ncb4 12. 0-0 Nxd3 13. cxd3 f6 14. Bh4 Nf4 15. d4 Ne2+ 16. Kh1 Nxd4 17. Rac1 Nxf3 18. Nxf3 Bb6 19. b4 e5 20. a4 a5 21. Rb1 Kf7 22. g4 g5 23. Bg3 h5 24. Nd2 hxg4 25. hxg4 Bxg4 26. Ne4 Bf3+ 0-1

[Event "Titled Tuesday intern op 02nd May Late"]
[Site "Chess.com INT"]
[Date "2023.05.02"]
[Round "4"]
[White "Dias, Joao Batista de Sou"]
[Black "Carrasco Miranda, Andres"]
[Result "0-1"]
[WhiteElo "1796"]
[BlackElo "2240"]
[PlyCount "86"]
[EventDate "2023.05.02"]
[EventType "swiss (blitz)"]
[EventRounds "11"]
[EventCountry "USA"]
[SourceTitle "EXT 2024"]
[Source "ChessBase"]
[SourceDate "2023.10.10"]
[SourceVersion "1"]
[SourceVersionDate "2023.10.10"]
[SourceQuality "1"]

1. e4 e5 2. Nf3 Nc6 3. d4 exd4 4. Nxd4 Nf6 5. Nxc6 bxc6 6. Bd3 d5 7. exd5 Bd6 8. 0-0 0-0 9. Nc3 cxd5 10. Bg5 c6 11. Qf3 Rb8 12. b3 Be6 13. Rad1 Be5 14. Na4 h6 15. Bxf6 Qxf6 16. Qxf6 Bxf6 17. Nc5 Bg4 18. f3 Bd4+ 19. Kh1 Bxf3 20. Rxf3 Bxc5 21. g3 Rfe8 22. Kg2 g6 23. Rdf1 Rb7 24. Rf6 Rc7 25. h4 h5 26. R1f3 Re1 27. a4 Rg1+ 28. Kh2 Re1 29. Kg2 Bd4 30. R6f4 c5 31. g4 Be5 32. gxh5 Bxf4 33. Rxf4 gxh5 34. Rf5 c4 35. bxc4 dxc4 36. Bf1 Rd7 37. Rg5+ Kf8 38. Bxc4 Rd2+ 39. Kf3 Rxc2 40. Bb5 Rc3+ 41. Kf2 Ra1 42. Rxh5 Ra2+ 43. Ke1 Rc1# 0-1

[Event "Titled Tuesday intern op 02nd May Late"]
[Site "Chess.com INT"]
[Date "2023.05.02"]
[Round "6"]
[White "Dias, Joao Batista de Sou"]
[Black "Phillips, Rene"]
[Result "0-1"]
[WhiteElo "1796"]
[BlackElo "1852"]
[PlyCount "38"]
[EventDate "2023.05.02"]
[EventType "swiss (blitz)"]
[EventRounds "11"]
[EventCountry "USA"]
[SourceTitle "EXT 2024"]
[Source "ChessBase"]
[SourceDate "2023.10.10"]
[SourceVersion "1"]
[SourceVersionDate "2023.10.10"]
[SourceQuality "1"]

1. e4 Nc6 2. d4 d5 3. exd5 Qxd5 4. c3 e5 5. dxe5 Qxd1+ 6. Kxd1 Nxe5 7. Bf4 Bg4+ 8. Be2 0-0-0+ 9. Kc2 Bf5+ 10. Kb3 Ng6 11. Be3 a6 12. a4 Nf6 13. Nd2 Nd5 14. Bd4 c5 15. Be3 Nxe3 16. fxe3 Rxd2 17. Bc4 Be6 18. Nf3 Rxg2 19. Ne5 Nxe5 0-1

[Event "Florianopolis op-B 04"]
[Site "Florianopolis"]
[Date "2023.04.30"]
[Round "4"]
[White "Dias, Joao Batista de Sou"]
[Black "Oliveira, Isaac Rodrigues"]
[Result "1/2-1/2"]
[WhiteElo "1796"]
[BlackElo "1406"]
[PlyCount "56"]
[EventDate "2023.04.28"]
[EventType "swiss"]
[EventRounds "6"]
[EventCountry "BRA"]
[SourceTitle "CBM 214 Extra"]
[Source "ChessBase"]
[SourceDate "2023.07.31"]
[SourceVersion "1"]
[SourceVersionDate "2023.07.31"]
[SourceQuality "1"]

1. e4 c5 2. f4 e6 3. Nf3 d5 4. e5 Nc6 5. c3 d4 6. Bb5 Nge7 7. Na3 a6 8. Bd3 Nd5 9. g3 b5 10. Be4 Bb7 11. 0-0 Be7 12. c4 Nc7 13. d3 Rb8 14. b3 0-0 15. h4 f6 16. exf6 Bxf6 17. Qe2 Qe7 18. Bd2 e5 19. Rae1 Rfe8 20. Qg2 Qd7 21. Re2 b4 22. Nc2 Re7 23. Nxe5 Nxe5 24. fxe5 Bxe4 25. Rxe4 Rxe5 26. Bf4 Re7 27. Rxe7 Bxe7 28. Re1 Bd6 1/2-1/2

[Event "Titled Tuesday intern op 18th Apr Late"]
[Site "Chess.com INT"]
[Date "2023.04.18"]
[Round "7"]
[White "Dias, Joao Batista de Sou"]
[Black "Rose, Felix"]
[Result "0-1"]
[WhiteElo "1796"]
[BlackElo "2091"]
[PlyCount "62"]
[EventDate "2023.04.18"]
[EventType "swiss (blitz)"]
[EventRounds "11"]
[EventCountry "USA"]
[SourceTitle "EXT 2024"]
[Source "ChessBase"]
[SourceDate "2023.10.10"]
[SourceVersion "1"]
[SourceVersionDate "2023.10.10"]
[SourceQuality "1"]

1. e4 c5 2. Nf3 g6 3. d4 cxd4 4. Nxd4 Nc6 5. Nxc6 bxc6 6. Qd4 Nf6 7. e5 Nd5 8. e6 f6 9. exd7+ Bxd7 10. Bc4 e5 11. Qd1 Be6 12. 0-0 Bg7 13. Bb3 0-0 14. Nc3 Kh8 15. Ne4 a5 16. a3 Qc8 17. Nc5 Bg8 18. Re1 Rd8 19. Qe2 Qc7 20. Be3 Nxe3 21. Qxe3 Bd5 22. Bxd5 Rxd5 23. Ne6 Qd6 24. Nxg7 Kxg7 25. f4 exf4 26. Qe7+ Kh6 27. Qb7 Rd8 28. h3 Rd2 29. Re7 Qd5 30. Rxh7+ Kg5 31. h4+ Kg4 0-1

[Event "Titled Tuesday intern op 18th Apr Late"]
[Site "Chess.com INT"]
[Date "2023.04.18"]
[Round "1"]
[White "Tokman, Ariel"]
[Black "Dias, Joao Batista de Sou"]
[Result "0-1"]
[WhiteElo "2330"]
[BlackElo "1796"]
[PlyCount "104"]
[EventDate "2023.04.18"]
[EventType "swiss (blitz)"]
[EventRounds "11"]
[EventCountry "USA"]
[SourceTitle "EXT 2024"]
[Source "ChessBase"]
[SourceDate "2023.10.10"]
[SourceVersion "1"]
[SourceVersionDate "2023.10.10"]
[SourceQuality "1"]

1. c4 c5 2. Nf3 Nf6 3. Nc3 g6 4. g3 Bg7 5. Bg2 0-0 6. 0-0 Nc6 7. d3 d6 8. Bd2 a6 9. Qc1 Bg4 10. Bh6 Bxf3 11. Bxf3 Nd4 12. Bg2 Rb8 13. Bxg7 Kxg7 14. e3 Ne6 15. a4 Qd7 16. a5 Nd8 17. Nd5 Nxd5 18. cxd5 f5 19. b4 cxb4 20. Qb2+ Kg8 21. Qxb4 Nf7 22. Rab1 Rfc8 23. h4 Ne5 24. d4 Nf7 25. Kh2 Rc7 26. e4 fxe4 27. Bh3 Qd8 28. Rfe1 Nh6 29. Be6+ Kg7 30. Rxe4 Qf8 31. Kg2 Qd8 32. Rbe1 Rc2 33. Qb3 Qc7 34. Bd7 Ng8 35. Bh3 Rf8 36. R1e2 Rxe2 37. Rxe2 Rb8 38. h5 Qxa5 39. Be6 Nf6 40. Qf3 Rf8 41. Rb2 b5 42. Re2 Qc7 43. hxg6 hxg6 44. Qa3 a5 45. Qb2 b4 46. Rc2 Qb8 47. Qb3 Qb5 48. Rc7 Qe2 49. Rxe7+ Kh6 50. Qe3+ Qxe3 51. fxe3 Rb8 52. Ra7 b3 0-1

[Event "Titled Tuesday intern op 18th Apr Late"]
[Site "Chess.com INT"]
[Date "2023.04.18"]
[Round "5"]
[White "Ward, Ieuan C"]
[Black "Dias, Joao Batista de Sou"]
[Result "1-0"]
[WhiteElo "2028"]
[BlackElo "1796"]
[PlyCount "151"]
[EventDate "2023.04.18"]
[EventType "swiss (blitz)"]
[EventRounds "11"]
[EventCountry "USA"]
[SourceTitle "EXT 2024"]
[Source "ChessBase"]
[SourceDate "2023.10.10"]
[SourceVersion "1"]
[SourceVersionDate "2023.10.10"]
[SourceQuality "1"]

1. d4 d5 2. c4 c6 3. Nf3 Nf6 4. Nc3 g6 5. e3 Bg7 6. Bd3 0-0 7. 0-0 Bg4 8. b3 e6 9. Bb2 Nbd7 10. e4 dxe4 11. Nxe4 Nxe4 12. Bxe4 Nf6 13. Bc2 Qc7 14. h3 Bxf3 15. Qxf3 Nd7 16. Rad1 Rad8 17. Bb1 Qa5 18. Bc3 Qc7 19. d5 cxd5 20. Bxg7 Kxg7 21. cxd5 exd5 22. Rxd5 Nf6 23. Rdd1 Rxd1 24. Rxd1 Rd8 25. Rxd8 Qxd8 26. Bd3 Qd4 27. Bc4 b5 28. Bxb5 Qa1+ 29. Bf1 Qxa2 30. g4 h6 31. Kg2 Qa3 32. Bc4 Qd6 33. Qb7 Qd7 34. Qf3 Ne8 35. Qc3+ f6 36. Qa5 Nd6 37. Qd5 Qb7 38. Qxb7+ Nxb7 39. Kf3 Kf8 40. Ke4 Ke7 41. Kd5 Nd6 42. Bd3 g5 43. Kc6 Nf7 44. Kb7 Ne5 45. Ba6 Kd6 46. Kxa7 Kc7 47. Be2 Nc6+ 48. Ka6 Nd4 49. Bd1 f5 50. gxf5 Nxf5 51. b4 Nd4 52. b5 Ne6 53. b6+ Kb8 54. Bf3 Nf4 55. Bg4 h5 56. Bf5 g4 57. hxg4 hxg4 58. Bxg4 Nd3 59. f3 Ne5 60. Kb5 Kb7 61. Kc5 Nd3+ 62. Kd4 Nf2 63. Kc5 Nd3+ 64. Kb5 Ne5 65. Bh5 Kb8 66. f4 Nd7 67. Bg4 Nf6 68. Be6 Kb7 69. f5 Ne8 70. Bd5+ Kb8 71. Kc6 Nf6 72. b7 Ng4 73. Kd6 Nf6 74. Ke6 Ng4 75. f6 Nh6 76. f7 1-0